000
00324nam a2200109Ia 4500
008
200302s9999 xx 000 0 und d
100
_a
Kate Nesbitt ed.,
245
_a
Theorizing A New Agenda for Architecture an anthology of theory architecture
260
_b
Princeton Architectural Press
260
_c
1996
300
_a
606 P.,
999
_c
5778
_d
5778